LEADER 01233nam a2200253 i 4500 001 000000072878 003 CaOOAMICUS 005 20200505164930.0 008 090429s1967 it u000 u ita u 013 $a44050 040 $aSeMil$bita 100 1 $aBanfi, Antonio,$d<1886-1957>.$0(OLS)http://semarc/name/2861 245 13$aLa filosofia e la vita spirituale :$bcon un saggio inedito sulla dialettica del pensiero filosofico nelle dottrine morali /$cAntonio Banfi ; prefazione di Livio Sichirollo. 260 $aRoma :$bEditori Riuniti,$c1967. 300 $a233 p. ;$c22 cm. 650 4$aFilosofia.$0(OLS)http://semarc/subject/212 700 1 $aSichirollo, Livio.$0(OLS)http://semarc/name/4051 830 0$aOpere di Antonio Banfi.$0(OLS)http://semarc/title/2267 830 0$aNuova biblioteca di cultura ;$v72.$0(OLS)http://semarc/title/7069 850 $aSeMil 852 $aSeMil$W1$xVenegono$y1$m2Q III 105$j39031$B39031$CSeMilBibl$Z2$F39034 $81 996 $6245$aLa filosofia e la vita spirituale :$bcon un saggio inedito sulla dialettica del pensiero filosofico nelle dottrine morali$9(OLS)http://semarc/title/117569 996 $6260$aRoma :$bEditori Riuniti$9(OLS)http://semarc/publisher/30240 LEADER 00677naa a2200145 i 4500 001 000000294164 003 CaOOAMICUS 005 20180831172501.0 008 180831n xx u000 u und u 013 $a1446 040 $aSeMil$bita 100 1 $aWright, David P.$0(OLS)http://semarc/name/85018 245 10$aAnalogy in biblical and hittite ritual. 773 0 $aJanowski, Bernd <1943- >$tReligionsgeschichtliche Beziehungen zwischen Kleinasien, Nordsyrien und dem Alten Testament.$dFreiburg (Schweiz) : Universitätsverlag, copyr. 1993.$kOrbis Biblicus et Orientalis$z3-7278-0878-0$z3-525-53764-6$w()42925 996 $6245$aAnalogy in biblical and hittite ritual$9(OLS)http://semarc/title/370252